000 00532nam a2200205Ia 4500
003 OSt
005 20221002054805.0
006 a|||||r|||| 00| 0
007 ta
008 220930b |||||||| |||| 00| 0 eng d
024 _a70525
037 _cReference Collections
040 _aCRL
_cCRL
_beng
041 _2eng
_aeng
082 _aN95aN3, G5(RR)
245 0 _aSpeech index
260 _aNew York
_bH.W.Wilson Company
_c1935
942 _hN95aN3, G5(RR)
_cref
_2CC
999 _c925911
_d925911